00483 2200169 4500001002100000008004100021035002000062245005600082100001900138260003700157300001200194020001800206084001400224082000800238650004900246990001800295INLIS000000000000806 ind  a0010-0724000806 aMenulis Rangkuman Dan Sinopsis BukucY. Budi Artati aArtati, Budi Y aKlaten,bPT. Intan Priwarac2008 a68 hlm. a979-28-0374-7 a411 BUD m a411 aSistem Tulisan dan Fonologi Bahasa Indonesia aP29/CP/24/806